Paroles J't'emmène au vent - Louise Attaque - Statistiques

Statistiques générales
  • Ce quiz a été pris 502 fois
  • Le résultat moyen est 168 sur 187
Statistiques - réponses
Hint Réponse % Correct
je
100%
Refrain Je
100%
te
100%
viens
99%
Allez
98%
au
98%
vent
98%
de
97%
Et
97%
amour
96%
des
96%
dessus
96%
que
96%
Que
96%
tu
96%
voudrais
96%
est
95%
éternel
95%
gens
95%
Notre
95%
artificiel
94%
pas
93%
rappelles
92%
j't'emmène
90%
J'temmène
90%
en
88%
sois
87%
temps
85%
83%
devant
78%
ramènes
74%
celle
61%
j'entends
53%
parfois
48%
prennes
45%
souvent
42%
plus
38%
les
32%
rapelles
26%
devants
24%
éternelle
14%
Artificielle
12%
amourette
9%
m'apelles
8%
Aucun quiz correspondant
Distribution des résultats
% des personnes avec chaque résultat
Percentile par nombre de réponses
Votre historique - résultats
Vous n’avez pas pris ce quiz